Loading...
Literature - American Literature | 0 | 7 | 0 | 1 | 70 | 55 | 126.00 | 1 | 1 |
History - Other History | 0 | 6 | 1 | 2 | 55 | 108 | 130.17 | 0 | 0 |
Philosophy | 0 | 5 | 0 | 0 | 50 | 113 | 131.00 | 0 | 0 |
History - American History | 0 | 5 | 1 | 1 | 45 | 92 | 111.40 | 0 | 0 |
Literature - World Literature | 0 | 4 | 0 | 2 | 40 | 130 | 150.50 | 0 | 0 |
Social Science | 0 | 4 | 1 | 0 | 35 | 58 | 91.00 | 1 | 2 |
Literature - British Literature | 0 | 3 | 0 | 1 | 30 | 127 | 139.00 | 0 | 0 |
Fine Arts - Other Fine Arts | 0 | 3 | 0 | 0 | 30 | 63 | 93.33 | 0 | 1 |
Geography | 0 | 3 | 0 | 0 | 30 | 90 | 108.00 | 0 | 1 |
Other Academic | 0 | 3 | 0 | 1 | 30 | 127 | 133.00 | 0 | 0 |
Religion | 0 | 4 | 2 | 0 | 30 | 106 | 112.50 | 0 | 2 |
Literature - European Literature | 0 | 3 | 1 | 0 | 25 | 96 | 124.00 | 0 | 1 |
Current Events | 0 | 3 | 1 | 0 | 25 | 55 | 91.33 | 1 | 2 |
Fine Arts - Classical Music | 0 | 1 | 0 | 0 | 10 | 149 | 149.00 | 0 | 0 |
Science - Biology | 0 | 1 | 0 | 0 | 10 | 123 | 123.00 | 0 | 0 |
Fine Arts - Painting & Sculpture | 0 | 1 | 0 | 0 | 10 | 114 | 114.00 | 0 | 0 |
Mythology | 0 | 1 | 1 | 0 | 5 | 142 | 142.00 | 0 | 0 |
Science - Other Science | 0 | 1 | 1 | 0 | 5 | 118 | 118.00 | 0 | 0 |
History - World History | 0 | 1 | 1 | 0 | 5 | 159 | 159.00 | 0 | 0 |
History - European History | 0 | 1 | 2 | 0 | 0 | 129 | 129.00 | 0 | 0 |
Science - Physics | 0 | 0 | 1 | 0 | -5 | 0.00 | 0 | 0 |